| 000 | 00496nam a22001817a 4500 | ||
|---|---|---|---|
| 005 | 20141128120629.0 | ||
| 010 | _aENG-111271 | ||
| 020 |
_a9789382400158 _c200.00 |
||
| 035 | _aEN-94803 | ||
| 037 | _bDBAD/PUB | ||
| 082 | _a370.114 | ||
| 100 | _aSahi, Jane | ||
| 245 |
_aEducation and peace / _bby Jane Sahi |
||
| 260 |
_aIndore _bBanyan Tree _c2014 |
||
| 270 |
_a1-B Dhenu Market, 2nd Floor _bIndore _e452003 |
||
| 300 |
_a147p. _c22cm(pbk) |
||
| 942 |
_2ddc _cEN _mSAH _h370.114 |
||
| 999 |
_c90119 _d90119 |
||